Ορυχεία στο Αιγαίο : βιομηχανική αρχαιολογία στην Ελλάδα

Αποθηκεύτηκε σε:
Λεπτομέρειες βιβλιογραφικής εγγραφής
Άλλοι συγγραφείς: Μπελαβίλας, Νίκος, 1959- (Επιμελητής έκδοσης), Παπαστεφανάκη, Λήδα (edtf)
Μορφή: Βιβλίο
Γλώσσα:Greek
Δημοσίευση: Αθήνα : Μέλισσα, c2009.
Θέματα:
Ετικέτες: Προσθήκη ετικέτας
Δεν υπάρχουν, Καταχωρήστε ετικέτα πρώτοι!

MARC

LEADER 00000cam a2200000 i 4500
001 1/25936
008 130214s2009 gr | ||| |||| ||gre||
020 |a 9789602042847 
035 |l 10113735 
040 |a GR-MyUa  |b gre  |e AACR2 
041 0 |a gre 
082 7 |a 622.094958   |2 (22)  
082 7 |a 338.2094958   |2 (23) 
245 0 0 |a Ορυχεία στο Αιγαίο :   |b βιομηχανική αρχαιολογία στην Ελλάδα /   |c επιστημονική επιμέλεια Νίκος Μπελαβίλας, Λήδα Παπαστεφανάκη.  
260 |a Αθήνα :   |b Μέλισσα,   |c c2009.  
300 |a 304 σ. :   |b εικ., φωτ. ;   |c 31 εκ. 
500 |a Βασισμένο στην έρευνα του Εργαστηρίου Αστικού Περιβάλλοντος του Εθνικού Μετσόβιου Πολυτεχνείου.  
500 |a Ερευνητική και συγγραφική ομάδα: Δήμητρα Μαυροκορδάτου, Λίνα Μενδώνη, Μαρία Μπαλοδήμου, Νίκος Μπελαβίλας, Λήδα Παπαστεφανάκη, Αντώνης Φραγκίσκος.  
504 |a Βιβλιογραφία: 288-296. Ευρετήριο.  
650 0 |a Mineral industries  |z Aegean Islands (Greece and Turkey)  |x History. 
651 0 |a Aegean Islands (Greece and Turkey)  |x Economic conditions. 
700 1 |a Μπελαβίλας, Νίκος,   |d 1959-  |e edt 
700 1 |a Παπαστεφανάκη, Λήδα,  |e edtf 
852 |a INST  |b SAMOS  |e 20130214  |h 622.094958 ΟΡΥ  |p 005300033424  |q 005300033424  |t BK  |y 0 
852 |a INST  |b SYROS  |c KYK  |e 20170522  |h 338.2094958 ΟΡΥ  |p 005500013068  |q 005500013068  |t EDX  |y 0 
901 |a BIBL3-2013-1 
920 |a Εύδοξος  |b Παραγγελία  |y Σύρος-ΤΜΣΠΣ  |z 2017-05 
922 |a 3ΕΛΗ  |b 201210  |c Βιβλιοθήκη  |d Best Book Hunters 
970 |a Κοσιέρης  |b Χρήστος  |z 14/02/2013